Kalidassaya natakeshu samajik vavasathaya samikashanam (Record no. 1218691)

MARC details
000 -LEADER
fixed length control field 00636nam a2200205Ia 4500
008 - FIXED-LENGTH DATA ELEMENTS--GENERAL INFORMATION
fixed length control field 241004s9999 xx 000 0 und d
020 ## - INTERNATIONAL STANDARD BOOK NUMBER
International Standard Book Number 9789387199323
037 ## - SOURCE OF ACQUISITION
Stock number Textbook
040 ## - CATALOGING SOURCE
Original cataloging agency ARTS
Language of cataloging san
Transcribing agency ARTS
041 ## - LANGUAGE CODE
Language code of text/sound track or separate title hin
Source of code san
084 ## - COLON CLASSIFICATION NUMBER
Classification number O15,2D40:g(Y) 152R0
Assigning agency ARTS
100 ## - MAIN ENTRY--PERSONAL NAME
Personal name Raj Kumari Au.
9 (RLIN) 202078
245 ## - TITLE STATEMENT
Title Kalidassaya natakeshu samajik vavasathaya samikashanam
Statement of responsibility, etc. Raj Kumari Au.
260 ## - PUBLICATION, DISTRIBUTION, ETC.
Place of publication, distribution, etc. India
Name of publisher, distributor, etc. Varanasi Kala Parkashan
Date of publication, distribution, etc. 2022
300 ## - PHYSICAL DESCRIPTION
Extent 173p.
365 ## - TRADE PRICE
Price type code INR
Price amount 550
650 ## - SUBJECT ADDED ENTRY--TOPICAL TERM
Topical term or geographic name entry element Sanskrit Drama Sociology
9 (RLIN) 724580
942 ## - ADDED ENTRY ELEMENTS (KOHA)
Koha item type Textbook
Classification part O15,2D40:g(Y) 152R0
Holdings
Withdrawn status Lost status Source of classification or shelving scheme Damaged status Not for loan Home library Current library Date acquired Source of acquisition Cost, normal purchase price Inventory number Total Checkouts Full call number Barcode Date last seen Price effective from Koha item type
    Colon Classification (CC)     Arts Library Arts Library 2024-12-06 Eastern Book Linkers 550.00 138 & 10/01/2023   O15,2D40:g(Y) 152R0 AL1666749 2024-10-04 2024-10-04 Textbook
Copyright @ Delhi University Library System